00567nam a2200157 i 450000100060000000300090000600500170001500700030003200800410003510000310007624501190010726000560022630000460028265000230032885200580035125854ES-MaACL20230906153338.0t|030103s1889 sp ||||1| spa d1 aArenas y García, José.10aEstudio analítico elemental de la dualidad y transformación de figuras en el plano / cJosé Arenas García. aMadrid : b[s.n.], c1889 (fMinuesa de los Ríos) a134 p., [1] h. de lám. pleg. ; c23 cm. 4aGeometría plana. aES-MaACLjT-941-F-4 z.- Donat. Ministerio de Fomento